[Event "NED-ch 2008 sf"]
[Site "Hilversum"]
[Date "2008.01.06"]
[Round "1.2"]
[White "Van Veen, Oscar"]
[Black "Jonkman, Harmen"]
[Result "0-1"]
[WhiteElo "2220"]
[BlackElo "2421"]
[PlyCount "82"]
[EventDate "2008.01.05"]

1. e4 e5 2. Nf3 Nc6 3. d4 exd4 4. c3 d5 5. exd5 Qxd5 6. cxd4 Bg4 7. Be2 Bb4+ 8.
Nc3 Bxf3 9. Bxf3 Qc4 10. Qb3 Qxb3 11. axb3 Nge7 12. O-O O-O 13. Nb5 a6 14. Nxc7
Rad8 15. Ra4 Bd6 16. Nd5 Nxd5 17. Bxd5 Bxh2+ 18. Kxh2 Rxd5 19. Be3 Rfd8 20. Rc1
f6 21. g4 h5 22. gxh5 Rxh5+ 23. Kg2 Rb5 24. Rc3 Rbd5 25. Rac4 Nxd4 26. Bxd4
Rxd4 27. Rc7 R8d7 28. Rxd7 Rxd7 29. Kf3 Rd2 30. Ke3 Rxb2 31. f3 b5 32. Kd4 a5
33. Kc5 b4 34. Rd3 Kf7 35. Kb5 Ra2 36. f4 Ra3 37. Rh3 Kg8 38. f5 a4 39. Kxb4
Rxb3+ 40. Rxb3 axb3 41. Kxb3 Kh7 0-1

[Event "NED-ch 2008 sf"]
[Site "Hilversum"]
[Date "2008.01.06"]
[Round "1.2"]
[White "Van Delft, Merijn"]
[Black "Van Ketel, Raoul"]
[Result "1-0"]
[WhiteElo "2418"]
[BlackElo "2336"]
[PlyCount "127"]
[EventDate "2008.01.05"]

1. e4 e6 2. d4 d5 3. Nc3 dxe4 4. Nxe4 Nd7 5. Nf3 Ngf6 6. Nxf6+ Nxf6 7. Be3 Nd5
8. Bd2 c5 9. Bb5+ Bd7 10. Qe2 Bxb5 11. Qxb5+ Qd7 12. Qxd7+ Kxd7 13. c4 Nf6 14.
O-O-O cxd4 15. Bc3 Bd6 16. Nxd4 Rhd8 17. Nb5 Kc6 18. Nxd6 Rxd6 19. Rxd6+ Kxd6
20. Rd1+ Ke7 21. b3 Rc8 22. Kb2 Ne4 23. Be1 Nc5 24. f3 Nd7 25. a4 g5 26. a5 a6
27. Bb4+ Ke8 28. h4 h6 29. hxg5 hxg5 30. Rh1 Ne5 31. Rh5 Nd3+ 32. Ka3 g4 33.
fxg4 Nf4 34. Rh8+ Kd7 35. Rh7 Ke8 36. Bd2 Ng6 37. Kb4 e5 38. Rh1 Rc6 39. Re1
Kd7 40. Rf1 Ke8 41. Kc3 Ne7 42. g5 Nc8 43. Kd3 Rd6+ 44. Ke3 Ne7 45. Bb4 Rc6 46.
Bxe7 Kxe7 47. Rf5 Rc5 48. Ke4 Ke6 49. Rf6+ Ke7 50. Rb6 Rxa5 51. Rxb7+ Kf8 52.
b4 Ra2 53. Kxe5 Rxg2 54. c5 Rxg5+ 55. Kd6 Rg1 56. Rb8+ Kg7 57. c6 Rd1+ 58. Kc5
Rc1+ 59. Kb6 Rc4 60. c7 Rxb4+ 61. Kxa6 Rc4 62. c8=Q Rxc8 63. Rxc8 Kf6 64. Rc5
1-0

[Event "NED-ch 2008 sf"]
[Site "Hilversum"]
[Date "2008.01.06"]
[Round "1.2"]
[White "Van Haastert, Edwin"]
[Black "Bitalzadeh, Ali"]
[Result "1/2-1/2"]
[WhiteElo "2414"]
[BlackElo "2362"]
[PlyCount "25"]
[EventDate "2008.01.05"]

1. e4 c6 2. d4 d5 3. e5 Bf5 4. Nf3 e6 5. Be2 Ne7 6. O-O h6 7. b3 c5 8. dxc5
Nec6 9. Be3 Nd7 10. c4 dxc4 11. Bxc4 Bxc5 12. Qe2 Qa5 13. Bxc5 1/2-1/2

[Event "NED-ch 2008 sf"]
[Site "Hilversum"]
[Date "2008.01.06"]
[Round "1.2"]
[White "Okkes, Menno"]
[Black "Lahaye, Rick"]
[Result "1-0"]
[WhiteElo "2386"]
[BlackElo "2376"]
[PlyCount "187"]
[EventDate "2008.01.05"]

1. e4 c5 2. Nf3 d6 3. d4 cxd4 4. Nxd4 Nf6 5. Nc3 a6 6. Be3 e5 7. Nb3 Be6 8. Qd2
Be7 9. f4 Qc7 10. O-O-O Nbd7 11. h3 b5 12. g4 Nb6 13. Kb1 Rb8 14. g5 Nfd7 15.
f5 Bc4 16. Qf2 b4 17. Nd5 Nxd5 18. exd5 Rb5 19. Bxc4 Qxc4 20. Qg2 a5 21. Rhf1
a4 22. Nd2 Qxd5 23. Ne4 Qb7 24. f6 d5 25. fxg7 Rg8 26. Nf6+ Bxf6 27. gxf6 d4
28. Qxb7 Rxb7 29. Bg5 Rb6 30. Rde1 Re6 31. Re4 Nc5 32. Rh4 Kd7 33. Rxh7 Ne4 34.
Rh8 Ree8 35. Rxg8 Rxg8 36. h4 Ke6 37. Kc1 Rc8 38. Rf3 Rb8 39. a3 bxa3 40. Rxa3
Nxf6 41. Rxa4 Nh5 42. Bh6 Kf5 43. c3 dxc3 44. bxc3 Rg8 45. Ra2 Kg6 46. Be3 Rxg7
47. c4 Kf5 48. Bf2 Nf4 49. Kd2 Ke4 50. c5 Kf3 51. Ke1 Nd3+ 52. Kf1 f5 53. c6 e4
54. Bb6 Rg6 55. Rc2 f4 56. h5 Rh6 57. Kg1 Rh8 58. c7 Rc8 59. h6 e3 60. h7 e2
61. Ba5 e1=Q+ 62. Bxe1 Nxe1 63. Rd2 Kg3 64. Rd8 Rxc7 65. h8=Q Nf3+ 66. Kf1 Rc1+
67. Ke2 Re1+ 68. Kd3 Rd1+ 69. Kc3 Rxd8 70. Qxd8 Ne5 71. Qb8 Ng4 72. Kd4 Kf3 73.
Qb3+ Ne3 74. Qd3 Kf2 75. Ke4 Ng2 76. Qf3+ Kg1 77. Qd1+ Kf2 78. Qd2+ Kg3 79. Qd6
Kf2 80. Qc5+ Kg3 81. Qc3+ Kf2 82. Qh3 Ne1 83. Kxf4 Ke2 84. Qh2+ Kd3 85. Qh7+
Ke2 86. Qe4+ Kd2 87. Qe3+ Kd1 88. Qb3+ Ke2 89. Ke4 Kd2 90. Qe3+ Kd1 91. Qf2 Nc2
92. Kd3 Nb4+ 93. Kc3 Nd5+ 94. Kc4 1-0

[Event "NED-ch 2008 sf"]
[Site "Hilversum"]
[Date "2008.01.06"]
[Round "1.3"]
[White "Happel, Henk"]
[Black "Wiersma, Eelke"]
[Result "0-1"]
[WhiteElo "2186"]
[BlackElo "2426"]
[PlyCount "30"]
[EventDate "2008.01.05"]

1. d4 f5 2. Nf3 Nf6 3. e3 g6 4. b3 Bg7 5. Bb2 O-O 6. c4 d6 7. Nbd2 Na6 8. Be2
Qe8 9. a3 c6 10. Qc2 Bd7 11. O-O Nc7 12. e4 fxe4 13. Nxe4 Nh5 14. Rfe1 Bf5 15.
Nh4 Bxe4 0-1

[Event "NED-ch 2008 sf"]
[Site "Hilversum"]
[Date "2008.01.06"]
[Round "1.3"]
[White "Bitalzadeh, Ali"]
[Black "Van Haastert, Edwin"]
[Result "1-0"]
[WhiteElo "2362"]
[BlackElo "2414"]
[PlyCount "85"]
[EventDate "2008.01.05"]

1. e4 e5 2. Nf3 Nc6 3. Bb5 a6 4. Ba4 Nf6 5. O-O Be7 6. Re1 b5 7. Bb3 d6 8. c3
O-O 9. h3 Na5 10. Bc2 c5 11. d4 Qc7 12. Nbd2 Nc6 13. d5 Nd8 14. a4 Rb8 15. axb5
axb5 16. b4 Bd7 17. bxc5 Qxc5 18. Ba3 Qxc3 19. Re3 Qc7 20. Nxe5 Bxh3 21. Rxh3
dxe5 22. Bb2 Nb7 23. Ra6 Bd6 24. f4 Nd7 25. Rc6 Qa5 26. Rxd6 Nxd6 27. fxe5 Nc4
28. Nxc4 bxc4 29. Bc3 Qd8 30. Qh5 h6 31. Rg3 Kh8 32. e6 Nf6 33. Qf5 fxe6 34.
Qg6 Rb7 35. e5 Qe8 36. exf6 Qxg6 37. Rxg6 gxf6 38. dxe6 h5 39. Bxf6+ Rxf6 40.
Rxf6 Kg7 41. Rf4 Rc7 42. Kh2 c3 43. Rf3 1-0

[Event "NED-ch 2008 sf"]
[Site "Hilversum"]
[Date "2008.01.06"]
[Round "1.3"]
[White "Bezemer, Arno"]
[Black "Pruijssers, Roeland"]
[Result "0-1"]
[WhiteElo "2364"]
[BlackElo "2408"]
[PlyCount "86"]
[EventDate "2008.01.05"]

1. e4 e5 2. Nf3 Nc6 3. Bb5 a6 4. Ba4 Nf6 5. O-O Be7 6. Re1 b5 7. Bb3 d6 8. c3
O-O 9. h3 Nb8 10. d4 Nbd7 11. Nbd2 Bb7 12. Bc2 Re8 13. Nf1 Bf8 14. Ng3 g6 15.
b3 c6 16. Bg5 Bg7 17. Qd2 Qe7 18. Rad1 Qf8 19. a4 Rac8 20. b4 Nb6 21. a5 Nc4
22. Qe2 exd4 23. cxd4 Nxe4 24. Bxe4 d5 25. Nd2 Nd6 26. Qd3 dxe4 27. Qb3 h6 28.
Bf4 Rcd8 29. Ndxe4 Nxe4 30. Nxe4 Rxd4 31. Bd6 Rxd6 32. Rxd6 Rxe4 33. Red1 Re1+
34. Rxe1 Qxd6 35. Qg3 Qxg3 36. Re8+ Bf8 37. fxg3 c5 38. bxc5 Kg7 39. Rb8 Bxc5+
40. Kf1 Bd5 41. g4 Bc4+ 42. Ke1 Bb4+ 43. Kf2 Bxa5 0-1

[Event "NED-ch 2008 sf"]
[Site "Hilversum"]
[Date "2008.01.06"]
[Round "1.3"]
[White "Van de Plassche, Bas"]
[Black "Grooten, Herman"]
[Result "1/2-1/2"]
[WhiteElo "2415"]
[BlackElo "2350"]
[PlyCount "107"]
[EventDate "2008.01.05"]

1. d4 Nf6 2. c4 e6 3. Nc3 Bb4 4. e3 c5 5. Nge2 cxd4 6. exd4 O-O 7. c5 d6 8. a3
Bxc3+ 9. Nxc3 Qe7 10. Bg5 dxc5 11. Ne4 Nbd7 12. dxc5 h6 13. Bxf6 Nxf6 14. Qd6
Qxd6 15. Nxd6 Rd8 16. Be2 b6 17. b4 bxc5 18. bxc5 Rb8 19. O-O Bb7 20. Rfc1 Bc6
21. Nc4 Nd7 22. Na5 Rdc8 23. Ba6 Rc7 24. a4 Bd5 25. c6 Ne5 26. Bb7 Kf8 27. Rc3
Ke7 28. Rac1 h5 29. f3 g5 30. Kf2 h4 31. Re1 f6 32. Rec1 Nf7 33. Ba6 Rb2+ 34.
R1c2 Rxc2+ 35. Rxc2 Ne5 36. Bb5 h3 37. gxh3 Nxf3 38. Ke3 e5 39. Rc5 Ke6 40.
Rxd5 Kxd5 41. Kxf3 f5 42. Nc4 e4+ 43. Kg3 Kc5 44. h4 gxh4+ 45. Kf4 a6 46. Bxa6
Rxc6 47. Bb5 Rg6 48. Ne3 h3 49. Kxf5 Rg2 50. Kxe4 Rxh2 51. Kf3 Ra2 52. Ng4 h2
53. Nxh2 Rxh2 54. Ke3 1/2-1/2

[Event "NED-ch 2008 sf"]
[Site "Hilversum"]
[Date "2008.01.06"]
[Round "1.4"]
[White "Wiersma, Eelke"]
[Black "Happel, Henk"]
[Result "1-0"]
[WhiteElo "2426"]
[BlackElo "2186"]
[PlyCount "63"]
[EventDate "2008.01.05"]

1. d4 Nf6 2. c4 e6 3. Nc3 Bb4 4. Bg5 c5 5. d5 h6 6. Bh4 d6 7. e3 Bxc3+ 8. bxc3
e5 9. Nf3 Nbd7 10. Nd2 Qe7 11. e4 Nf8 12. f3 g5 13. Bf2 Ng6 14. g3 g4 15. Be2
h5 16. Nf1 gxf3 17. Bxf3 Ng4 18. Bg1 f5 19. exf5 Bxf5 20. Ne3 Nxe3 21. Bxe3 Nf4
22. O-O Nh3+ 23. Kg2 O-O-O 24. Bxh5 Nf4+ 25. Bxf4 Be4+ 26. Kg1 exf4 27. Rxf4
Qe5 28. Qg4+ Kb8 29. Rxe4 Qxc3 30. Rae1 Rdf8 31. Qe2 Rhg8 32. Bg4 1-0

[Event "NED-ch 2008 sf"]
[Site "Hilversum"]
[Date "2008.01.06"]
[Round "1.4"]
[White "Van Haastert, Edwin"]
[Black "Bitalzadeh, Ali"]
[Result "1-0"]
[WhiteElo "2414"]
[BlackElo "2362"]
[PlyCount "79"]
[EventDate "2008.01.05"]

1. d4 Nf6 2. c4 e6 3. Nf3 c5 4. g3 cxd4 5. Nxd4 d5 6. Bg2 e5 7. Nf3 d4 8. O-O
Nc6 9. e3 Be7 10. exd4 exd4 11. b3 O-O 12. Bb2 Bc5 13. a3 a5 14. Re1 Qd6 15.
Nbd2 Bf5 16. Ng5 Rfe8 17. Nge4 Nxe4 18. Nxe4 Bxe4 19. Bxe4 Re7 20. Qd3 h6 21.
b4 axb4 22. axb4 Rxa1 23. Rxa1 Bxb4 24. Ra8+ Nd8 25. Bd5 Bc5 26. Bxd4 Bxd4 27.
Qxd4 Rd7 28. Qb2 Kh7 29. Qb1+ g6 30. Qb2 h5 31. h4 Re7 32. Kg2 Rd7 33. Ra5 Nc6
34. Rb5 Nd8 35. Be4 Kg8 36. Bd5 Qc7 37. Qf6 Rd6 38. Qf4 Qd7 39. Kh2 Nc6 40.
Rxb7 1-0

[Event "NED-ch 2008 sf"]
[Site "Hilversum"]
[Date "2008.01.06"]
[Round "1.4"]
[White "Pruijssers, Roeland"]
[Black "Bezemer, Arno"]
[Result "1-0"]
[WhiteElo "2408"]
[BlackElo "2364"]
[PlyCount "101"]
[EventDate "2008.01.05"]

1. e4 Nf6 2. e5 Nd5 3. d4 d6 4. Nf3 g6 5. Bc4 Nb6 6. Bb3 Nc6 7. Qe2 Bg7 8. O-O
O-O 9. h3 Na5 10. Nc3 d5 11. Bg5 Bf5 12. Rad1 c6 13. Qd2 Nbc4 14. Qc1 Qd7 15.
Rfe1 Rae8 16. Na4 b6 17. Bh6 f6 18. Bxc4 Nxc4 19. b3 Bxh6 20. Qxh6 Na3 21. c3
Nb5 22. Nh4 Nc7 23. Nb2 g5 24. Nxf5 Qxf5 25. Rd2 Ne6 26. Nd3 c5 27. g4 Qg6 28.
Qxg6+ hxg6 29. exf6 Rxf6 30. Rde2 Rf3 31. Rxe6 Rxd3 32. dxc5 bxc5 33. Rxg6+ Kf7
34. Rxg5 e6 35. Rh5 Rxc3 36. Rh7+ Kf6 37. h4 e5 38. Rxa7 e4 39. Rh7 d4 40. Rh5
d3 41. Rf5+ Kg7 42. Rg5+ Kf6 43. Rf5+ Ke6 44. Rxe4+ Kd7 45. Rd5+ Kc6 46. Rxe8
Kxd5 47. Kg2 Rc2 48. h5 Rxa2 49. h6 Ra7 50. Rd8+ Ke4 51. g5 1-0

[Event "NED-ch 2008 sf"]
[Site "Hilversum"]
[Date "2008.01.06"]
[Round "1.4"]
[White "Grooten, Herman"]
[Black "Van de Plassche, Bas"]
[Result "1-0"]
[WhiteElo "2350"]
[BlackElo "2415"]
[PlyCount "103"]
[EventDate "2008.01.05"]

1. d4 Nf6 2. Nf3 c5 3. d5 b5 4. Bg5 Qb6 5. Nc3 b4 6. Na4 Qa5 7. Bxf6 gxf6 8. b3
f5 9. Qd3 d6 10. g3 Bg7 11. Rd1 Nd7 12. Bh3 Nb6 13. Nxb6 axb6 14. O-O Qxa2 15.
Bxf5 Bxf5 16. Qxf5 Qb2 17. h4 Qf6 18. Qd3 O-O 19. Ng5 Qg6 20. e4 h6 21. Nh3 Be5
22. Kh2 Ra2 23. Rd2 f5 24. Re2 Kh7 25. f4 fxe4 26. Rxe4 Bg7 27. h5 Qxh5 28.
Re5+ Qg6 29. f5 Qf6 30. Rxe7 Kg8 31. Re2 Qd4 32. Qf3 b5 33. Rff2 c4 34. bxc4
bxc4 35. c3 Rxe2 36. cxd4 Rxf2+ 37. Nxf2 Bxd4 38. Qg4+ Bg7 39. Qxc4 Rxf5 40.
Nd3 Rg5 41. Qxb4 Bf8 42. Nf4 Kf7 43. Qe4 Re5 44. Qg6+ Ke7 45. Kh3 Rg5 46. Qe6+
Kd8 47. Qf6+ Be7 48. Ne6+ Kd7 49. Qf7 Re5 50. Ng7 Kd8 51. Qe8+ Kc7 52. Ne6+ 1-0

[Event "NED-ch 2008 sf"]
[Site "Hilversum"]
[Date "2008.01.06"]
[Round "1.5"]
[White "Van Haastert, Edwin"]
[Black "Bitalzadeh, Ali"]
[Result "1/2-1/2"]
[WhiteElo "2414"]
[BlackElo "2362"]
[PlyCount "44"]
[EventDate "2008.01.05"]

1. Nf3 Nf6 2. c4 c5 3. d4 cxd4 4. Nxd4 e6 5. Nc3 Bb4 6. Ndb5 O-O 7. a3 Be7 8.
e3 d6 9. Be2 a6 10. Nd4 b6 11. Bf3 Ra7 12. O-O Bb7 13. b3 Bxf3 14. Qxf3 Rd7 15.
Bb2 d5 16. cxd5 Nxd5 17. Nxd5 Rxd5 18. Rac1 Bf6 19. Nc6 Nxc6 20. Bxf6 Qxf6 21.
Qxf6 gxf6 22. Rxc6 Rb5 1/2-1/2

[Event "NED-ch 2008 sf"]
[Site "Hilversum"]
[Date "2008.01.06"]
[Round "1.6"]
[White "Bitalzadeh, Ali"]
[Black "Van Haastert, Edwin"]
[Result "0-1"]
[WhiteElo "2362"]
[BlackElo "2414"]
[PlyCount "66"]
[EventDate "2008.01.05"]

1. e4 c5 2. Nf3 e6 3. d4 cxd4 4. Nxd4 Bc5 5. Nb3 Bb6 6. Nc3 Ne7 7. Bd3 Nbc6 8.
O-O O-O 9. a4 f5 10. Qe2 f4 11. Kh1 Ng6 12. f3 Qh4 13. Bd2 Nge5 14. a5 Bc7 15.
Be1 Qh5 16. Bf2 g5 17. Nd4 g4 18. fxg4 Nxg4 19. h3 Nxf2+ 20. Qxf2 Nxd4 21. Qxd4
f3 22. Qf2 d5 23. Be2 dxe4 24. Nxe4 Qe5 25. gxf3 Bd7 26. Bd3 Bc6 27. Rae1 Qh5
28. Qg2+ Kh8 29. Qg4 Qe5 30. Re2 Rg8 31. Qh4 Rg7 32. b4 Rag8 33. Nf6 Bxf3+ 0-1

[Event "NED-ch 2008 sf"]
[Site "Hilversum"]
[Date "2008.02.23"]
[Round "2.1"]
[White "Jonkman, Harmen"]
[Black "Janssen, Ruud"]
[Result "1-0"]
[WhiteElo "2421"]
[BlackElo "2513"]
[PlyCount "91"]
[EventDate "2008.01.05"]

1. e4 c5 2. c3 d5 3. exd5 Qxd5 4. d4 g6 5. Na3 cxd4 6. Nb5 Na6 7. Qxd4 Qxd4 8.
Nxd4 Nc7 9. Bb5+ Bd7 10. Bxd7+ Kxd7 11. f4 e6 12. Ngf3 Bd6 13. c4 Ne7 14. Be3
b5 15. b3 bxc4 16. bxc4 Rhb8 17. O-O Rb4 18. Rac1 Bc5 19. Ng5 Ned5 20. cxd5
Bxd4 21. Bxd4 Rxd4 22. Nxf7 Nxd5 23. Ne5+ Kd6 24. g3 Ra4 25. Rf2 Rb8 26. Re2
Rb7 27. Rc6+ Ke7 28. Nf3 Nc7 29. Ng5 Kd7 30. Rc1 h6 31. Nf7 g5 32. fxg5 hxg5
33. Nxg5 Rb5 34. Ne4 Rd4 35. Kg2 Rb6 36. Rce1 Rc6 37. h4 Ke7 38. Ng5 Rd3 39.
Rf1 Rcc3 40. Rf7+ Ke8 41. Kh2 Kd8 42. Rg7 Rd7 43. Rg6 Re7 44. h5 Kd7 45. h6 Rc5
46. Kg2 1-0

[Event "NED-ch 2008 sf"]
[Site "Hilversum"]
[Date "2008.02.23"]
[Round "2.1"]
[White "Brandenburg, Daan"]
[Black "Van Delft, Merijn"]
[Result "1/2-1/2"]
[WhiteElo "2483"]
[BlackElo "2418"]
[PlyCount "64"]
[EventDate "2008.01.05"]

1. e4 e5 2. Nf3 Nf6 3. d4 Nxe4 4. Bd3 d5 5. dxe5 Nc6 6. O-O Bg4 7. Re1 Bc5 8.
Be3 Bxe3 9. Rxe3 O-O 10. Be2 Bxf3 11. gxf3 Qg5+ 12. Kf1 Nc5 13. f4 Qxf4 14.
Qxd5 Qxh2 15. Rg3 Ne6 16. Qe4 Rad8 17. Nc3 Rd4 18. Qe3 Rfd8 19. Bf3 Qh4 20.
Bxc6 bxc6 21. Rh3 Qf4 22. Qxf4 Nxf4 23. Rf3 g5 24. Re1 Rb8 25. b3 h6 26. Ne2
Nxe2 27. Rxe2 Re8 28. e6 Rxe6 29. Rxe6 fxe6 30. Rf6 Rd6 31. Rxh6 Kg7 32. Rh3 c5
1/2-1/2

[Event "NED-ch 2008 sf"]
[Site "Hilversum"]
[Date "2008.02.23"]
[Round "2.1"]
[White "Van Haastert, Edwin"]
[Black "Visser, Yge"]
[Result "0-1"]
[WhiteElo "2414"]
[BlackElo "2470"]
[PlyCount "80"]
[EventDate "2008.01.05"]

1. e4 e6 2. d4 d5 3. Nc3 Bb4 4. e5 c5 5. a3 Bxc3+ 6. bxc3 Qa5 7. Bd2 Qa4 8. Qb1
c4 9. h4 Ne7 10. h5 h6 11. Nf3 Nbc6 12. g3 Bd7 13. Bh3 O-O-O 14. Qc1 Kb8 15.
Nh4 Ka8 16. O-O f6 17. exf6 gxf6 18. Re1 e5 19. Bxd7 Rxd7 20. dxe5 fxe5 21. g4
Rd6 22. f4 exf4 23. Bxf4 Rf6 24. Re2 Rg8 25. Rg2 Qa5 26. Bxh6 Qxc3 27. Be3 Re6
28. Bf2 Nd4 29. Kh2 Ne2 30. Qe1 Qf6 31. Qf1 Nf4 32. Re1 Nxg2 33. Qxg2 Rxg4 34.
Qxg4 Qxf2+ 35. Ng2 Rxe1 36. h6 Qg1+ 37. Kh3 Qh1+ 38. Kg3 Rf1 39. Qe2 Nf5+ 40.
Kg4 Nxh6+ 0-1

[Event "NED-ch 2008 sf"]
[Site "Hilversum"]
[Date "2008.02.23"]
[Round "2.1"]
[White "De Jong, Jan Willem"]
[Black "Pruijssers, Roeland"]
[Result "1-0"]
[WhiteElo "2445"]
[BlackElo "2408"]
[PlyCount "105"]
[EventDate "2008.01.05"]

1. d4 Nf6 2. c4 g6 3. Nc3 Bg7 4. e4 d6 5. Nf3 O-O 6. Be2 e5 7. Be3 Ng4 8. Bg5
f6 9. Bc1 Nc6 10. d5 Ne7 11. h3 Nh6 12. h4 c6 13. h5 g5 14. Nh2 cxd5 15. cxd5
a6 16. g4 Bd7 17. Be3 b5 18. O-O Qb8 19. a4 b4 20. Nb1 a5 21. Nd2 Nc8 22. b3
Rf7 23. f3 Bf8 24. Qe1 Be7 25. Qf2 Bd8 26. Rfc1 Be8 27. Nhf1 Rb7 28. Rc2 Bd7
29. Rac1 Kg7 30. Bb5 Ne7 31. Bc6 Bxc6 32. dxc6 Rc7 33. Bb6 Rxc6 34. Rxc6 Nxc6
35. Rxc6 Qb7 36. Rxd6 Nf7 37. Rxd8 Nxd8 38. Ne3 Ne6 39. Nd5 Nf4 40. Nxf4 gxf4
41. Nc4 Rc8 42. Bxa5 Qd7 43. Qd2 Qd4+ 44. Qxd4 exd4 45. Bxb4 Rb8 46. Bd2 Rxb3
47. a5 Kf7 48. a6 Rb8 49. a7 Ra8 50. Nd6+ Ke6 51. Nb5 Ke5 52. Kf2 h6 53. Ke2
1-0

[Event "NED-ch 2008 sf"]
[Site "Hilversum"]
[Date "2008.02.23"]
[Round "2.1"]
[White "Cardon, Helmut"]
[Black "Bosch, Jeroen"]
[Result "1/2-1/2"]
[WhiteElo "2398"]
[BlackElo "2437"]
[PlyCount "116"]
[EventDate "2008.01.05"]

1. d4 Nf6 2. c4 e6 3. Nc3 Bb4 4. Qc2 O-O 5. e4 d5 6. e5 Ne4 7. a3 Bxc3+ 8. bxc3
c5 9. Bd3 cxd4 10. cxd4 Qa5+ 11. Kf1 Nc6 12. Ne2 f6 13. exf6 Nxf6 14. Rb1 Qc7
15. Bf4 Qe7 16. cxd5 exd5 17. Qc5 Qf7 18. f3 Nh5 19. Bd6 Re8 20. Ng3 Nxg3+ 21.
hxg3 Bf5 22. Bxf5 Qxf5 23. Kf2 Rac8 24. g4 Qf7 25. Qc2 g6 26. Qd2 b6 27. Rbe1
Qf6 28. Qf4 Qxf4 29. Bxf4 Nxd4 30. Rxe8+ Rxe8 31. Rd1 Ne6 32. Be5 Rd8 33. f4
Rd7 34. Ke3 Kf7 35. f5 Nd8 36. Rc1 Nb7 37. Rc6 Na5 38. Rf6+ Ke8 39. fxg6 hxg6
40. Rxg6 Nc4+ 41. Kd4 Nxe5 42. Re6+ Re7 43. Rxe5 Rxe5 44. Kxe5 b5 45. Kxd5 a5
46. Kc5 b4 47. axb4 axb4 48. Kxb4 Kf7 49. Kc3 Kg6 50. Kd3 Kg5 51. Ke3 Kxg4 52.
Kf2 Kf4 53. g3+ Kg4 54. Kg2 Kg5 55. Kf3 Kf5 56. g4+ Kg5 57. Kg3 Kg6 58. Kf4 Kf6
1/2-1/2

[Event "NED-ch 2008 sf"]
[Site "Hilversum"]
[Date "2008.02.23"]
[Round "2.1"]
[White "Bosboom, Manuel"]
[Black "Okkes, Menno"]
[Result "1/2-1/2"]
[WhiteElo "2434"]
[BlackElo "2386"]
[PlyCount "48"]
[EventDate "2008.01.05"]

1. c4 e6 2. Nf3 d5 3. e3 Nf6 4. a3 c5 5. d4 dxc4 6. Bxc4 a6 7. Nc3 b5 8. Ba2
Bb7 9. O-O Nbd7 10. Qe2 Qb8 11. Rd1 Bd6 12. dxc5 Nxc5 13. e4 Ncxe4 14. Nxe4
Nxe4 15. Rd4 Nf6 16. Bg5 O-O 17. Bxf6 gxf6 18. Rh4 Be5 19. Re1 Rd8 20. Bb1 Bxf3
21. Qxf3 f5 22. Qh5 Bg7 23. Qxh7+ Kf8 24. Qh5 Qd6 1/2-1/2

[Event "NED-ch 2008 sf"]
[Site "Hilversum"]
[Date "2008.02.23"]
[Round "2.1"]
[White "Welling, Gerard"]
[Black "Swinkels, Robin"]
[Result "0-1"]
[WhiteElo "2364"]
[BlackElo "2433"]
[PlyCount "126"]
[EventDate "2008.01.05"]

1. e4 c5 2. Na3 d6 3. c3 Nf6 4. g3 Nc6 5. Bg2 e5 6. Ne2 d5 7. exd5 Nxd5 8. O-O
Be6 9. Nc2 Be7 10. d4 exd4 11. cxd4 O-O 12. dxc5 Bxc5 13. Ned4 Nxd4 14. Nxd4
Qb6 15. Nb3 Be7 16. Qh5 Rfd8 17. Bg5 Bxg5 18. Qxg5 h6 19. Qe5 Nb4 20. Rfd1 Nd3
21. Qe2 Bc4 22. Be4 Ne5 23. Qe3 Qxe3 24. fxe3 Bxb3 25. axb3 Nc6 26. Bxc6 bxc6
27. Kf2 Rxd1 28. Rxd1 Rb8 29. Rd3 Kf8 30. Ke2 Ke7 31. Rc3 Kd6 32. Kd2 Rb5 33.
Kc2 Rf5 34. Rd3+ Kc5 35. Rd7 Rf2+ 36. Kc3 Kb6 37. b4 g6 38. g4 g5 39. Re7 Rxh2
40. Rxf7 Rg2 41. Rh7 Rxg4 42. Rxh6 Re4 43. Rg6 Rxe3+ 44. Kd4 Rg3 45. Rg7 Rg4+
46. Kc3 a6 47. Kb3 a5 48. bxa5+ Kxa5 49. Kc3 Kb5 50. b3 Rg3+ 51. Kb2 Kb4 52.
Rb7+ Kc5 53. Rg7 Kd6 54. Rg8 Rg1 55. Rg7 g4 56. Rg5 g3 57. Rg8 Ke5 58. Re8+ Kf4
59. Rf8+ Ke3 60. Re8+ Kf3 61. Rf8+ Kg2 62. Rc8 Re1 63. Rxc6 Re3 0-1

[Event "NED-ch 2008 sf"]
[Site "Hilversum"]
[Date "2008.02.23"]
[Round "2.1"]
[White "Wiersma, Eelke"]
[Black "Grooten, Herman"]
[Result "0-1"]
[WhiteElo "2426"]
[BlackElo "2350"]
[PlyCount "80"]
[EventDate "2008.01.05"]

1. d4 Nf6 2. c4 e6 3. Nc3 Bb4 4. Bg5 h6 5. Bh4 c5 6. d5 Bxc3+ 7. bxc3 d6 8. e3
e5 9. Nf3 Bf5 10. Nd2 g5 11. Bg3 Nbd7 12. f3 Nf8 13. Qa4+ Qd7 14. Qb3 Qc7 15.
Be2 Ng6 16. h4 O-O-O 17. Bf2 e4 18. Qc2 Ne5 19. O-O-O Qd7 20. fxe4 Bg6 21. Rdf1
Rhe8 22. hxg5 hxg5 23. Bh4 gxh4 24. Rxf6 Ng4 25. Rf4 Nxe3 26. Qd3 Nxg2 27. Rf2
Rxe4 28. Nxe4 Re8 29. Bf3 h3 30. Qe2 f5 31. Bxg2 hxg2 32. Rxg2 Rxe4 33. Qd3 Qe8
34. Rgh2 Qe5 35. Kd2 Qf4+ 36. Kc2 Re3 37. Qd2 Qxc4 38. Rg2 Qxa2+ 39. Kc1 Qa1+
40. Kc2 Qxh1 0-1

[Event "NED-ch 2008 sf"]
[Site "Hilversum"]
[Date "2008.02.24"]
[Round "2.2"]
[White "Janssen, Ruud"]
[Black "Jonkman, Harmen"]
[Result "1-0"]
[WhiteElo "2513"]
[BlackElo "2421"]
[PlyCount "55"]
[EventDate "2008.01.05"]

1. c4 e5 2. Nc3 Nf6 3. Nf3 Nc6 4. e3 Bb4 5. Qc2 Bxc3 6. Qxc3 Qe7 7. a3 a5 8. b4
d6 9. Bb2 O-O 10. b5 Nb8 11. d4 Ne4 12. Qc2 exd4 13. Bd3 f5 14. Nxd4 c5 15. Ne2
Nd7 16. Nf4 Nb6 17. O-O Bd7 18. Rae1 a4 19. f3 Nf6 20. e4 fxe4 21. fxe4 Rae8
22. e5 dxe5 23. Bxe5 Qxe5 24. Rxe5 Rxe5 25. Qc3 Re3 26. Bxh7+ Nxh7 27. Qxe3
Nxc4 28. Qxc5 1-0

[Event "NED-ch 2008 sf"]
[Site "Hilversum"]
[Date "2008.02.24"]
[Round "2.2"]
[White "Van Delft, Merijn"]
[Black "Brandenburg, Daan"]
[Result "1/2-1/2"]
[WhiteElo "2418"]
[BlackElo "2483"]
[PlyCount "31"]
[EventDate "2008.01.05"]

1. Nf3 d5 2. g3 Nf6 3. Bg2 c6 4. O-O Bg4 5. c4 e6 6. d3 Nbd7 7. Nbd2 Be7 8. b3
O-O 9. Bb2 b5 10. Rc1 Qb6 11. Rc2 a5 12. a3 Rac8 13. Qa1 a4 14. cxd5 cxd5 15.
Rxc8 Rxc8 16. b4 1/2-1/2

[Event "NED-ch 2008 sf"]
[Site "Hilversum"]
[Date "2008.02.24"]
[Round "2.2"]
[White "Visser, Yge"]
[Black "Van Haastert, Edwin"]
[Result "1/2-1/2"]
[WhiteElo "2470"]
[BlackElo "2414"]
[PlyCount "73"]
[EventDate "2008.01.05"]

1. e4 e5 2. Nf3 Nc6 3. Bb5 a6 4. Ba4 Nf6 5. O-O Be7 6. Bxc6 dxc6 7. Nc3 Nd7 8.
d4 exd4 9. Qxd4 O-O 10. Bf4 Nc5 11. Qxd8 Bxd8 12. Nd4 Bf6 13. Be3 Ne6 14. Rad1
Rd8 15. Nde2 b6 16. f4 Re8 17. f5 Nf8 18. Bf4 Be5 19. Bxe5 Rxe5 20. Rd8 Bb7 21.
Rfd1 Re8 22. Rxa8 Bxa8 23. Kf2 f6 24. Nf4 Kf7 25. g4 a5 26. h4 g6 27. fxg6+
hxg6 28. h5 gxh5 29. gxh5 c5 30. h6 Bxe4 31. Nxe4 Rxe4 32. Kf3 Re5 33. Rd8 Rf5
34. Ke3 Re5+ 35. Kf3 Rf5 36. Ke3 Re5+ 37. Kf3 1/2-1/2

[Event "NED-ch 2008 sf"]
[Site "Hilversum"]
[Date "2008.02.24"]
[Round "2.2"]
[White "Pruijssers, Roeland"]
[Black "De Jong, Jan Willem"]
[Result "1/2-1/2"]
[WhiteElo "2408"]
[BlackElo "2445"]
[PlyCount "163"]
[EventDate "2008.01.05"]

1. e4 e5 2. Nf3 Nc6 3. Bb5 a6 4. Ba4 Nf6 5. O-O Nxe4 6. d4 b5 7. Bb3 d5 8. dxe5
Be6 9. Nbd2 Nc5 10. c3 Be7 11. Bc2 d4 12. Ne4 d3 13. Nxc5 dxc2 14. Qxd8+ Rxd8
15. Nxe6 fxe6 16. Be3 Rd5 17. Rfc1 Nxe5 18. Nxe5 Rxe5 19. Bd4 Re2 20. Kf1 Rd2
21. Be3 Rd1+ 22. Rxd1 cxd1=Q+ 23. Rxd1 Rf8 24. Ke2 Rf5 25. Rd4 h5 26. h3 Bf6
27. Re4 Kd7 28. f4 Rd5 29. g4 g6 30. Bd2 hxg4 31. hxg4 e5 32. c4 bxc4 33. Bc3
Ke6 34. g5 Bd8 35. Bxe5 Bxg5 36. Bxc7+ Kd7 37. Be5 Bd8 38. Rxc4 g5 39. Kf3 gxf4
40. Kxf4 Bb6 41. Ke4 Rc5 42. Rd4+ Kc8 43. Rd3 Rc6 44. Rh3 Rc4+ 45. Kd5 Rc5+ 46.
Kd6 Kb7 47. Rh8 Rc6+ 48. Kd7 Rc5 49. Rb8+ Ka7 50. Re8 Rd5+ 51. Kc6 Rc5+ 52. Kd6
Kb7 53. b4 Rc2 54. a3 a5 55. b5 Bc7+ 56. Kd5 Bxe5 57. Rxe5 a4 58. Re6 Rc3 59.
Rh6 Rxa3 60. Kc5 Rc3+ 61. Kb4 Rc1 62. Ka5 a3 63. Rh7+ Kb8 64. Kb6 a2 65. Rh8+
Rc8 66. Rh1 Rg8 67. Ka6 Rf8 68. Ra1 Rf2 69. b6 Rh2 70. Rg1 Rh8 71. Rc1 Rg8 72.
Ra1 Rg2 73. Rf1 Rg8 74. Re1 Rf8 75. Kb5 Kb7 76. Re7+ Kb8 77. Ra7 Rf5+ 78. Kc4
Rf6 79. Kc5 Rf5+ 80. Kc6 Rf6+ 81. Kc5 Rf5+ 82. Kc6 1/2-1/2